|
003 -Nazwa inst., której nr kontr. jest w polu 001 [,]
|
-
- @
- Nazwa instytucji, której n kontrolny jest w polu 001
- NUKAT
|
|
005 -DATA I CZAS OSTATNIEJ MODYFIKACJI [,]
|
-
- @
- pole kontrolne
- 20241231092748.0
|
|
020 -Międzynarod. znormalizowany nr książki - ISBN [ , ]
|
-
- a
- Numer ISBN
- 8389348284
|
|
020 -Międzynarod. znormalizowany nr książki - ISBN [ , ]
|
-
- a
- Numer ISBN
- 8302075248
-
|
|
040 -Instytucja sporządzająca opis [ , ]
|
-
- a
- Instytucja, która sporządziła opis (NP)
- LUBL M/JD
-
- b
- Język katalogowania
- pol
-
- e
- Zasady katalogowania
- rda
-
- c
- Instytucja, która sporządziła rekord (NP)
- LUBL M/JD
-
- d
- Instytucja, która zmodyfikowała rekord (P)
- LUBL M/JDs
-
- d
- Instytucja, która zmodyfikowała rekord (P)
- LUBL M/IK
-
- d
- Instytucja, która zmodyfikowała rekord (P)
- WR O/GWs
-
- d
- Instytucja, która zmodyfikowała rekord (P)
- WA 248/ae
-
- d
- Instytucja, która zmodyfikowała rekord (P)
- SZCZ U/MC
|
|
942 -Rodzaj dokumentu [ , ]
|
-
- c
- Rodzaj dokumentu
- Książka
|
|
080 -Uniwersalna Klasyfikacja Dziesiętna [ , ]
|
-
- 2
- Identyfikator wydania tablic
- UDC-P058
-
- a
- Symbol klasyfikacji
- 821.162.1(091)
-
- b
- Dopowiedzenie
- Literatura polska (historia). - opracowania krytyczne.
|
|
080 -Uniwersalna Klasyfikacja Dziesiętna [ , ]
|
-
- 2
- Identyfikator wydania tablic
- UDC-P058
-
- a
- Symbol klasyfikacji
- 929-052
-
- b
- Dopowiedzenie
- Biografie zbiorowe.
|
|
080 -Uniwersalna Klasyfikacja Dziesiętna [ , ]
|
-
- 2
- Identyfikator wydania tablic
- UDC-P058
-
- a
- Symbol klasyfikacji
- 016
-
- b
- Dopowiedzenie
- Bibliografie dziedzin i zagadnień.
|
|
080 -Uniwersalna Klasyfikacja Dziesiętna [ , ]
|
-
- 2
- Identyfikator wydania tablic
- UDC-P058
-
- a
- Symbol klasyfikacji
- 012
-
- b
- Dopowiedzenie
- Bibliografie prac poszczególnych autorów (osobowe, podmiotowe), poszczególnych dzieł oraz wydawnictw poszczególnych instytucji.
|
|
650 -Hasło przedmiotowe [ ,7]
|
-
- a
- Hasło przedmiotowe
- Literatura polska
-
- v
- Określnik formalny
- biobibliografia.
-
-
|
|
650 -Hasło przedmiotowe [ ,7]
|
-
- a
- Hasło przedmiotowe
- Pisarze polscy
-
- v
- Określnik formalny
- biografie
-
- v
- Określnik formalny
- słowniki.
-
-
|
|
980 -Symbol UKD [ , ]
|
-
- a
- UKD
- 016:012:821.162.1(091):929-052
|
|
700 -Hasło dodatkowe - nazwa osobowa [1, ]
|
-
- a
- Nazwa osobowa (NP)
- Loth, Roman
-
- d
- Daty biograficzne (NP)
- (1931-2019).
-
- e
- Określenie rodzaju współpracy
- Redakcja
-
|
|
700 -Hasło dodatkowe - nazwa osobowa [1, ]
|
-
- a
- Nazwa osobowa (NP)
- Albrecht-Szymanowska, Wiesława
-
- d
- Daty biograficzne (NP)
- (1936- ).
-
- e
- Określenie rodzaju współpracy
- Autor
-
|
|
700 -Hasło dodatkowe - nazwa osobowa [1, ]
|
-
- a
- Nazwa osobowa (NP)
- Aleksandrowska, Elżbieta
-
- d
- Daty biograficzne (NP)
- (1928- ).
-
- e
- Określenie rodzaju współpracy
- Autor
-
|
|
700 -Hasło dodatkowe - nazwa osobowa [1, ]
|
-
- a
- Nazwa osobowa (NP)
- Gacowa, Halina
-
- d
- Daty biograficzne (NP)
- (1927- ).
-
- e
- Określenie rodzaju współpracy
- Autor
-
|
|
700 -Hasło dodatkowe - nazwa osobowa [1, ]
|
-
- a
- Nazwa osobowa (NP)
- Polakowska, Anna
-
- d
- Daty biograficzne (NP)
- (1923- ).
-
- e
- Określenie rodzaju współpracy
- Autor
-
|
|
700 -Hasło dodatkowe - nazwa osobowa [1, ]
|
-
- a
- Nazwa osobowa (NP)
- Teresińska, Izabella
-
- d
- Daty biograficzne (NP)
- (1926- ).
-
- e
- Określenie rodzaju współpracy
- Autor
-
|
|
700 -Hasło dodatkowe - nazwa osobowa [1, ]
|
-
- a
- Nazwa osobowa (NP)
- Witczak, Tadeusz
-
- d
- Daty biograficzne (NP)
- (1927-2018).
-
- e
- Określenie rodzaju współpracy
- Autor
-
|
|
700 -Hasło dodatkowe - nazwa osobowa [1, ]
|
-
- a
- Nazwa osobowa (NP)
- Witkowski, Michał
-
- d
- Daty biograficzne (NP)
- (1927-1996).
-
- e
- Określenie rodzaju współpracy
- Autor
-
|
|
710 -Hasło dodatkowe - nazwa ciała zbiorowego [2, ]
|
-
- a
- Nazwa ciała zbiorowego lub nazwa geograficzna jako pierwszy element (NP)
- Fundacja Akademia Humanistyczna.
-
- e
- Rodzaj współpracy
- Wydawca
-
-
|
|
710 -Hasło dodatkowe - nazwa ciała zbiorowego [2, ]
|
-
- a
- Nazwa ciała zbiorowego lub nazwa geograficzna jako pierwszy element (NP)
- Polska Akademia Nauk.
-
- b
- Nazwa jednostki podrzędnej (P)
- Instytut Badań Literackich.
-
- b
- Nazwa jednostki podrzędnej (P)
- Wydawnictwo.
-
- e
- Rodzaj współpracy
- Wydawca
-
-
|